ستانلي كوبريك سيرة حياته و أعماله / (رقم التسجيلة. 101099)

تفاصيل مارك
000 -LEADER
fixed length control field 00567nam a22001697a 4500
005 - DATE AND TIME OF LATEST TRANSACTION
control field 20251108173321.0
008 - FIXED-LENGTH DATA ELEMENTS--GENERAL INFORMATION
fixed length control field 250721s2005 xx 000 0 ara d
082 14 - DEWEY DECIMAL CLASSIFICATION NUMBER
Classification number 927.9432
100 1# - MAIN ENTRY--PERSONAL NAME
Personal name لوبرتو، فنسنت
245 10 - TITLE STATEMENT
Title ستانلي كوبريك سيرة حياته و أعماله /
264 1# - PRODUCTION, PUBLICATION, DISTRIBUTION, MANUFACTURE, AND COPYRIGHT NOTICE
Place of production, publication, distribution, manufacture دمشق :
Name of producer, publisher, distributor, manufacturer منشورات وزارة الثقافة - المؤسسة العامة للسينما،
Date of production, publication, distribution, manufacture, or copyright notice 2005.
300 ## - PHYSICAL DESCRIPTION
Extent 695ص
490 0# - SERIES STATEMENT
Series statement الفن السابع
Volume/sequential designation 88
700 1# - ADDED ENTRY--PERSONAL NAME
Personal name خضر، علام
Relator term مترجم
942 ## - ADDED ENTRY ELEMENTS (KOHA)
Source of classification or shelving scheme Dewey Decimal Classification
Koha item type كتب
المقتنيات
حالة السحب حالة الفقدان مصدر التصنيف حالة التلف غير قابل للإعارة المكتبة الرئيسية المكتبة الحالية موقع الرف تاريخ التزويد الرقم المتسلسل Total Checkouts رقم الإستدعاء الباركود تاريخ آخر ظهور تاريخ الفاتورة نوع المادة (كوها)
    Dewey Decimal Classification     مكتبة الأميرة ايمان العامة مكتبة الأميرة ايمان العامة الإعارة 28/07/2025 883252   927.9432 883252 28/07/2025 28/07/2025 كتب
    Dewey Decimal Classification     مكتبة الاميرة بديعة مكتبة الاميرة بديعة الإعارة 28/07/2025 883255   927.9432 883255 28/07/2025 28/07/2025 كتب
    Dewey Decimal Classification     مكتبة صويلح العامة مكتبة صويلح العامة الإعارة 28/07/2025 883253   927.9432 883253 28/07/2025 28/07/2025 كتب
Implemented & Customized by: BBB with SCIT (Smart Chains for Information Technology)

Powered by Koha